Apuntes de topografía /

Guardado en:
Autor Principal: Bosch, Aureliano.
Formato: Libro
Idioma:Spanish
Publicado: Buenos Aires : Universidad de Buenos Aires, 1939.
Etiquetas: Agregar Etiqueta
Sin Etiquetas, Sea el primero en etiquetar este registro!
LEADER 00426nam a22001335a 4500
001 EEA.libagro004580
005 20181109130519.0
008 130809s1939####ag#a##########000#0#spa#d
082 0 4 |a 526.9 
100 1 |a Bosch, Aureliano. 
245 1 0 |a Apuntes de topografía /  |c Aureliano Bosch. 
260 |a Buenos Aires :  |b Universidad de Buenos Aires,  |c 1939. 
300 |a 109 p. :  |b il. ;  |c 35 cm. 
859 |a AR-BbBCA  |b BIB. AGRONOMIA  |h 526.9  |i B742  |p 1992/1825